00729nam a2200181 a 450000100100000000500170001000800410002702000150006804000250008310000210010824501360012926000600026530000280032549000280035350000630038150000730044470000300051700002248520200930021633.0101012s1998 dr 001 0 spa d a8460576385 aDO-SdBNPbspacBNPHU1 aErrasti, Mariano14aLos primeros franciscanos en América :bIsla Española 1493-1520 /cErrasti, Mariano ; presentación Manuel García Arévalo. aSanto Domingo :bFundación García Arávalo,c1998. a278 p. :bil. ;c23 cm.1 aInvestigaciónvno. 18 aIncluye datos biográficos del autor en la contracubierta aIncluye referencias bibliográficas y notas al pie de las páginas1 aGarcía Arévalo, Mauel